00410nam a2200157Ia 4500003000400000005001700004008004100021020001800062040000900080082001500089100002500104245004700129260005300176300000900229650001400238OSt20200814111345.0190216s9999||||xx |||||||||||||| ||und|| a9788120340770 coclc a543bDAS/A aDash, Dhruba Charan  0aAnalytical Chemistry /cDhruba Charan Dash bPhi Learning Private Limited,c2011.aNew Delhi: a581p aChemistry